Aeronautical engineering for national certificate vol-2 / (Record no. 7480)
[ view plain ]
| 000 -LEADER | |
|---|---|
| fixed length control field | 00417cam a2200157ua 4500 |
| 041 ## - LANGUAGE CODE | |
| Language code of text/sound track or separate title | eng |
| 082 ## - DEWEY DECIMAL CLASSIFICATION NUMBER | |
| Classification number | 629.13 |
| Item number | TAT/AE |
| 100 ## - MAIN ENTRY--AUTHOR NAME | |
| Personal name | Tatham, R . |
| 245 ## - TITLE STATEMENT | |
| Title | Aeronautical engineering for national certificate vol-2 / |
| 250 ## - EDITION STATEMENT | |
| Edition statement | 1 / |
| 260 ## - PUBLICATION, DISTRIBUTION, ETC. (IMPRINT) | |
| Place of publication | London : |
| Name of publisher | English Universities Press , |
| Year of publication | 1952. |
| 300 ## - PHYSICAL DESCRIPTION | |
| Number of Pages | 215 ; . |
| 942 ## - ADDED ENTRY ELEMENTS (KOHA) | |
| Koha item type | Books |
| Withdrawn status | Lost status | Damaged status | Home library | Current library | Date acquired | Full call number | Accession Number | Koha item type |
|---|---|---|---|---|---|---|---|---|
| Withdrawn | KAUAET | KAUAET | 07/04/2012 | 629.13 TAT/AE | 3781 | Books |
